| 000 | 00843nam a2200205 a 4500 | ||
|---|---|---|---|
| 008 | 170511s2016 ||||||||||||||||| || u | ||
| 020 | _a9780323263382 | ||
| 050 | _aRC 78.4 Mer | ||
| 100 | _aCurtis, Tammy | ||
| 245 | 1 | 0 |
_aMerrill's atlas of radiographic positioning and procedures (13th edition) _cBy Bruce W. Long, Jeannean Hall Rollins, Barbara J. Smith [and] Tammy Curtis |
| 250 | _a13th ed. | ||
| 260 |
_aSt. Louis Missouri: _bElsevier _c2016 |
||
| 300 | _aix, 595p.: ill. | ||
| 350 | _a125.00 | ||
| 650 | _aRADIOGRAPHY, MEDICAL--POSITIONING--ATLASES | ||
| 700 | _aRollins, Jeannean H | ||
| 700 | _aLong, Bruce W | ||
| 700 | _aSmith, Barbara J | ||
| 995 |
_aMEDICAL LIBRARY OPEN ACCESS _e903956 _FCBU-SCHOOL OF MEDICINE LIBRARY (Ndola) _I125.00 _jRC 78.4 Mer _M1 _UAVAILABLE _WMay 11, 2017 _y903956 _ZMedical Library Open Access Collection |
||
| 999 |
_c32066 _d32066 |
||